| 000 | 00476cam a2200193 4500 | ||
|---|---|---|---|
| 001 | D987 | ||
| 008 | 090401t1971 xxu||||| |||| 00| 0 eng d | ||
| 035 | _a(Sirsi) u49214 | ||
| 041 | _aeng | ||
| 050 | _a692.8 | ||
| 110 |
_aAqua Group _9865 |
||
| 245 | _aPre-contract practice for architects and quantity surveyors | ||
| 250 | _a4th | ||
| 260 |
_aLondon _bCrosby Lockwood _c1971 |
||
| 300 | _avii. 95p. illus. 25cm | ||
| 350 | _a1.25 | ||
| 942 | _n0 | ||
| 948 | _c04/03/1997 | ||
| 999 |
_c92528 _d92528 |
||